[Event "Cannes Generations"]
[Site "Cannes"]
[Date "1998.??.??"]
[Round "7"]
[White "Kortschnoj, Viktor Lvovich"]
[Black "Shaked, Tal"]
[Result "1-0"]
[WhiteElo "2625"]
[BlackElo "2535"]
[Annotator "Ribli,Z"]
[PlyCount "61"]
[EventDate "1998.02.21"]
[EventType "schev"]
[EventRounds "8"]
[EventCountry "FRA"]
[SourceTitle "CBM 065"]
[Source "ChessBase"]
[SourceDate "1998.08.06"]
[SourceVersion "1"]
[SourceVersionDate "1998.08.06"]
[SourceQuality "1"]

1. d4 {King Kortschnoj} Nf6 2. c4 e6 3. Nf3 c5 4. g3 (4. d5 {Dies wäre die
prinzipielle Fortsetzung. Ribli.} exd5 (4... b5 {Das ist das sogenannte
Blumenfeld-Gambit. Schwarz opfert einen Bauern - nach 5.dxe6 fxe6 6.cxb5 -, um
sich mit 6...d5 ein starkes Zentrum aufzubauen.}) 5. cxd5 d6 6. Nc3 g6 {
Das ist eine Grundstellung der Benoni-Verteidigung. Weiß verfügt über
Zentrumsübergewicht, aber die unsymmetrische Stellung bietet auch dem
Schwarzen Chancen.}) 4... cxd4 {Schwarz hat viele Alternativen: 4...Bb4, 4...
a6, 4...Nc6, 4...d5, 4...Qb6.} 5. Nxd4 Qc7 {Befragt sofort den weißen Bauern
c4. Schwarz plant ohnehin eine Igelstellung mit ...a6, ...d6 aufzubauen, in
der die Dame auf c7 gut steht.} 6. b3 (6. Nd2) (6. Nc3 $5 a6 (6... Qxc4 7. e4
$44)) (6. Qd3) 6... Bb4+ {!? Kortschnoj} (6... d5 $11 {Kortschnoj}) 7. Bd2 Bc5
{Es scheint, Schwarz habe mit 6...Bb4 / 7...Bc5 ein Tempo verloren, aber der
weiße Läufer steht auf d2 schlechter als auf c1.} 8. e3 (8. Bc3 Ne4 9. Bg2 Nxc3
10. Nxc3 Qe5 (10... Nc6 11. e3 O-O 12. O-O b6 13. Qe2 Bb7 14. Rad1 a6 15. Nc2
Be7 16. Rd2 Rfd8 17. Rfd1 Rac8 18. Ne4 d6 {1/2-1/2 Andrade,L-Glavina,P/3rd It,
Loures POR 1997 (36)}) (10... Qa5 $11 {Kortschnoj}) 11. e3 Nc6 12. Nde2 O-O 13.
O-O Be7 (13... a6 14. a3 Be7 15. b4 Qc7 16. Qb3 a5 17. c5 axb4 18. axb4 Rxa1
19. Rxa1 b6 $10 {= Karpov,A-Mascarinas,R/Thessaloniki (ol) 1988}) 14. Nd4 Bc5
15. Nce2 a6 16. a3 Qc7 17. b4 Be7 18. c5 a5 {Karpov,A-Van Wely,L/Amber Rapid,
Monte Carlo MON 1998/1-0 (133)}) (8. Nb5 $2 Qc6 9. Bf4 O-O 10. Rg1 Ne4 11. e3
Bb4+ 12. Ke2 Na6 13. Bg2 d5 14. Bxe4 dxe4 15. N1c3 e5 {0-1 Lindinger,M-Kuehn,P/
Hamburg-chJ 1994}) 8... b6 {!? Kortschnoj} (8... O-O 9. Bg2 d5 10. cxd5 Bxd4 (
10... Nxd5 11. O-O Rd8 12. Nb5 Qe7 13. Qe2 e5 14. N1c3 Nxc3 15. Nxc3 Be6 16.
Rfd1 Nc6 17. Be1 f5 18. Bd5 Bxd5 19. Nxd5 Qf7 20. Qc4 Bd6 21. Rac1 e4 22. Bc3
h6 23. Bb2 Kh8 {Salgado Allaria,C-Spassov,L/Sitges op 1993/1/2-1/2 (51)}) 11.
exd4 Nxd5 12. O-O b6 13. Bxd5 exd5 14. Bf4 Qd7 15. Bxb8 Rxb8 16. Nc3 Ba6 17.
Re1 Rbe8 18. Qh5 Re6 19. Rxe6 fxe6 20. Re1 Rf5 21. Qd1 Qf7 22. Qd2 Rf3 23. Re3
Qf5 24. Kg2 Rxe3 25. Qxe3 h6 $11 {Line Flear,G-Motwani,P/Hastings 1996}) (8...
d5) (8... a6 $5) (8... Nc6 9. Nb5 Qd8 10. Bg2 d5 $11) 9. Nb5 (9. Bg2 Bb7 10.
O-O $11) 9... Qb7 {!=/+ Kortschnoj} (9... Qc6 $6 {Kortschnoj} 10. Rg1 Bb7 11.
Bc3 a6 12. Bg2 $14) 10. Rg1 $13 {Der Turm steht auf g1 unnatürlich, denn Weiß
kann nicht mehr rochieren. Weiß dürfte jetzt keinen Eröffnungsvorteil mehr
haben, aber der routinierte Kortschnoj findet sich in dieser orginellen
Stellung besser zurecht als sein junger Gegner.} a6 (10... d5 11. Bg2 Bd7 $11 {
Schwarz plant 12...Bc6.}) 11. Bg2 Nc6 (11... d5 12. N5c3 {[%csl Yd5][%cal
Gg2a8]} O-O {Die schwarze Stellung ist O.K., während Weiß Entwicklungsprobleme
hat.}) 12. Nd4 d5 (12... Bxd4 13. exd4 d5 14. Bg5 Ne4 $13 {Weiß hat das
Läuferpaar, das jedoch gegen die feste schwarze Stellung ohne große Bedeutung
ist.}) 13. Bc3 Bd7 (13... Bxd4 14. Bxd4 Nxd4 15. Qxd4 $14 {[%csl Yd5,Gg2][%cal
Gg2a8]}) 14. Nd2 (14. Nxc6 Bxc6 15. Bxf6 gxf6 16. cxd5 Bxd5 17. Bxd5 Qxd5 18.
Qxd5 exd5 $11 {und Schwarz kann seinen schwachen Bauern mit ...d5-d4 tauschen.}
) 14... Nxd4 (14... Bxd4 15. exd4 O-O $5 $11) (14... O-O 15. Nxc6 Bxc6 16. Bxf6
gxf6 $11) (14... O-O-O $5 15. Rc1 Kb8) (14... b5 $5 $15 {Kortschnoj}) 15. exd4
(15. Bxd4 $6 Bxd4 16. exd4 Bc6 $15) 15... Be7 (15... Bd6 $1 $15 {Kortschnoj})
16. g4 $5 {Weiß muß so spielen, um seinem Turm auf g1 Leben einzuhauchen.} Bc6
(16... h6 17. h4 g6 $5) 17. g5 Nd7 (17... Ne4 $5 $14 {Kortschnoj}) 18. Qg4 O-O
(18... dxc4 19. bxc4 Bxg2 (19... b5 $15 {Kortschnoj}) 20. Rxg2 $13) (18...
O-O-O $5) 19. h4 Rfe8 {King: Perhaps a bit too fancy, or perhaps he is showing
just a little too much respect. I think this was the moment to break open the
position:} (19... dxc4 20. bxc4 (20. Nxc4 Bxg2 21. Rxg2 b5 22. Ne3 Nb6 23. h5
Rac8 $17) 20... Bxg2 21. Rxg2 $13 {[%csl Re1]} (21. Rxg2 {King} b5 {King:
followed by ...Nb6. I find it hard to believe that White is going to generate
a serious attack.})) (19... Rae8 $5 20. h5 f5 21. gxf6 Nxf6 22. Qxe6+ Kh8 $44 {
[%cal Ge8e1]}) 20. h5 f5 {?Kortschnoj King: In football they say, 'Never pass
the ball in front of your own goal', and this is the equivalent in chess. You
have to have a good reason to open up a file in front of your own king; but
Black doesn't.} (20... b5 $15) (20... e5 $5 $40) ({King: By this stage,
curling up with} 20... Nf8 {King suggests itself.}) 21. gxf6 Bxf6 $2 {[%csl
Rd7]} (21... Nxf6 $5 22. Qxe6+ Kh8 $44 {[%cal Ge8e1]}) 22. O-O-O {=Kortschnoj}
Rac8 (22... dxc4 $11 {Kortschnoj}) 23. Kb1 b5 (23... dxc4 24. Bxc6 Qxc6 25. Ne4
$40 {[%csl Gc3,Ge4,Gg1,Gg4,Rg8] und Schwarz muß immer mit dem Bauernvorstoß
d4-d5 rechnen.}) (23... e5 $2 24. cxd5 Bxd5 25. Bxd5+ Qxd5 26. Ne4 $16 {
[%csl Gc3,Gd1,Rd5,Ge4,Rf6,Gg1,Gg4,Rg8]}) 24. cxd5 exd5 (24... Bxd5 25. Ne4 $40
(25. Bxd5 Qxd5 26. Ne4 $40)) 25. Nf1 $1 $14 {[%csl Rb7,Rc6,Rd7] +/-Kortschnoj
Der Springer strebt auf das starke Feld e3. Die schwarzen Figuren, besonders
der Springer auf d7 und der Läufer auf c6, stehen schlecht.} Nf8 26. Ne3 {
[%csl Ge3]} Kh8 (26... Rxe3 {Kortschnoj} 27. fxe3 Bd7 28. Qf4 Rxc3 29. Qxf6 $1
$18) 27. Bb2 Ne6 $6 {Auch e6 ist kein gutes Feld für den Springer.} (27... Bd7
28. Bxd5 $16 (28. Qg3 Be6 $11)) (27... Rcd8 $5) 28. Qf5 $16 {[%csl Gf5][%cal
Rh5h6] King: It's remarkable how Kortschnoj has managed to arrive at a
sensible position after his unorthodox start. More than that, it is a very
strong position. Black's d-pawn is weak, and his king in trouble.  Jetzt hängt
der Bauer auf d5 und es droht der tödliche Hebel h5-h6.} Qb6 29. h6 {[%csl Rh8]
Der schwarze König auf h8 ist leicht angreifbar.} Nxd4 30. hxg7+ Bxg7 {[#]} 31.
Rxd4 $1 $18 {Nach dieser hübschen kleinen Kombination muß Schwarz aufgeben,
denn nach 31...Bxd4 wird er Matt.} (31. Rxd4 Bxd4 32. Qf6+ $3 Bxf6 33. Bxf6+
Kg8 34. Bxd5+ Kf8 35. Rg8#) 1-0

[Event "Cannes Generations"]
[Site "Cannes"]
[Date "1998.??.??"]
[Round "8"]
[White "Nataf, Igor Alexandre"]
[Black "Kortschnoj, Viktor Lvovich"]
[Result "0-1"]
[WhiteElo "2485"]
[BlackElo "2625"]
[Annotator "Petursson,M"]
[PlyCount "62"]
[EventDate "1998.02.21"]
[EventType "schev"]
[EventRounds "8"]
[EventCountry "FRA"]
[SourceTitle "CBM 065"]
[Source "ChessBase"]
[SourceDate "1998.08.06"]
[SourceVersion "1"]
[SourceVersionDate "1998.08.06"]
[SourceQuality "1"]

1. e4 e6 2. d4 d5 3. Nc3 Bb4 4. exd5 exd5 5. Bd3 Nc6 6. a3 Be7 7. Nce2 Bg4 8.
c3 Qd7 9. Qc2 Nf6 10. Ng3 O-O-O 11. f3 Be6 12. N1e2 Kb8 13. Bg5 Rde8 14. O-O h5
15. Nf5 Bxf5 16. Bxf5 Qd8 17. b4 h4 18. Bd3 Nh5 19. Bc1 Bd6 20. f4 g6 21. a4
Ne7 22. a5 Nf5 23. Qa4 Nf6 24. b5 Qd7 25. Qb3 h3 $5 26. g3 Rxe2 $6 27. Bxe2
Nxg3 28. hxg3 h2+ (28... Ne4 29. Kh2 $18) 29. Kh1 Ne4 (29... Qh3 30. Bd2 Qxg3
31. b6 $18) 30. Rf3 Qh3 (30... Qg4 31. Bd2 $1 Nxd2 32. Qxd5 $18) 31. Qxd5 $4 (
31. Ba3 $16) {[%tqu "En","How do you make use of White's horrible blunder?",
"How can you queen your h pawn?","Give up your queen for one move!","h3g2","",
10]} 31... Qg2+ 0-1

[Event "SUI-chT"]
[Site "Switzerland"]
[Date "1998.04.26"]
[Round "2.2"]
[White "Siegel, Georg"]
[Black "Kortschnoj, Viktor Lvovich"]
[Result "0-1"]
[WhiteElo "2540"]
[BlackElo "2625"]
[PlyCount "110"]
[EventDate "1998.03.29"]
[EventType "team-tourn"]
[EventRounds "9"]
[EventCountry "SUI"]
[SourceTitle "EXT 2006"]
[Source "ChessBase"]
[SourceDate "2005.11.24"]
[SourceVersion "1"]
[SourceVersionDate "2005.11.24"]
[SourceQuality "1"]

1. Nf3 e6 2. c4 b6 3. g3 Bb7 4. Bg2 Nf6 5. O-O Be7 6. d4 O-O 7. Re1 Qc8 8. Nc3
Ne4 9. Qc2 f5 10. Nd2 Nxc3 11. Qxc3 Bxg2 12. Kxg2 Nc6 13. Qd3 Qb7 14. Nf3 Nb4
15. Qb3 Qe4 16. Bg5 Bxg5 17. Qxb4 Bf6 18. Rad1 g5 19. Kg1 d6 20. Rd3 c5 21. Qd2
f4 22. dxc5 dxc5 23. Qc2 fxg3 24. hxg3 g4 25. Nd2 Qf5 26. Rf1 Bd4 27. e3 Bxb2
28. Qb1 Be5 29. Rd7 Rad8 30. Rxd8 Rxd8 31. Ne4 h5 32. Kg2 Kg7 33. f4 gxf3+ 34.
Rxf3 Qg6 35. Kf2 Rf8 36. Qd1 Rxf3+ 37. Qxf3 Qf5 38. a4 Kf7 39. Ke2 Ke7 40. Nd2
Bc7 41. Ne4 Qg6 42. Kf2 Be5 43. Qh1 Kd7 44. a5 bxa5 45. Nxc5+ Kd6 46. Ne4+ Kc7
47. Qh4 Kc8 48. Nc5 Qf5+ 49. Ke2 Bf6 50. Qf4 Qxc5 51. Qxf6 Qxc4+ 52. Kd2 Qd5+
53. Kc3 Kb7 54. Qf7+ Kb6 55. Qf4 Qc5+ 0-1

[Event "SUI-chT"]
[Site "Switzerland"]
[Date "1998.11.07"]
[Round "8.1"]
[White "King, Daniel J"]
[Black "Kortschnoj, Viktor Lvovich"]
[Result "0-1"]
[WhiteElo "2530"]
[BlackElo "2625"]
[PlyCount "80"]
[EventDate "1998.03.29"]
[EventType "team-tourn"]
[EventRounds "9"]
[EventCountry "SUI"]
[SourceTitle "EXT 2006"]
[Source "ChessBase"]
[SourceDate "2005.11.24"]
[SourceVersion "1"]
[SourceVersionDate "2005.11.24"]
[SourceQuality "1"]

1. Nf3 d5 2. d4 e6 3. g3 Nf6 4. Bg2 b5 5. O-O Bb7 6. Qd3 a6 7. Bg5 c5 8. c3
Nbd7 9. Ne5 Be7 10. Bxf6 Nxf6 11. Nd2 O-O 12. f4 Qc7 13. g4 cxd4 14. cxd4 Rac8
15. g5 Nd7 16. Nxd7 Qxd7 17. Rac1 b4 18. Nf3 Rxc1 19. Rxc1 Rc8 20. Qe3 Bd6 21.
Ne5 Rxc1+ 22. Qxc1 Qa4 23. Qe3 Qxa2 24. Nd3 g6 25. Bh3 Qa1+ 26. Kg2 Qa4 27. Kf2
Qd7 28. Ne5 Qc7 29. Kf3 Bxe5 30. Qxe5 Qxe5 31. fxe5 a5 32. Ke3 a4 33. Kd2 h6
34. gxh6 Ba6 35. e4 a3 36. bxa3 bxa3 37. Kc3 dxe4 38. d5 a2 39. Kb2 e3 40. Bg4
exd5 0-1

[Event "SUI-chT"]
[Site "Switzerland"]
[Date "1998.11.08"]
[Round "9.2"]
[White "Renet, Olivier"]
[Black "Kortschnoj, Viktor Lvovich"]
[Result "0-1"]
[WhiteElo "2490"]
[BlackElo "2625"]
[PlyCount "64"]
[EventDate "1998.03.29"]
[EventType "team-tourn"]
[EventRounds "9"]
[EventCountry "SUI"]
[SourceTitle "EXT 2006"]
[Source "ChessBase"]
[SourceDate "2005.11.24"]
[SourceVersion "1"]
[SourceVersionDate "2005.11.24"]
[SourceQuality "1"]

1. e4 e6 2. d4 d5 3. Nc3 Nf6 4. Bg5 Bb4 5. e5 h6 6. Be3 Ne4 7. Qg4 Kf8 8. a3
Ba5 9. b4 Nxc3 10. bxa5 c5 11. dxc5 Nc6 12. Nf3 Ne4 13. Bd3 Qxa5+ 14. Ke2 Nxc5
15. Rhc1 Kg8 16. Qf4 Bd7 17. Rab1 b6 18. Bxc5 Qxc5 19. c4 d4 20. Rb5 Qxa3 21.
c5 g5 22. Qd2 Na5 23. Rxa5 Qxa5 24. Qxa5 bxa5 25. c6 Bc8 26. Ra1 Rb8 27. Nxd4
Kg7 28. Rxa5 a6 29. Ke3 Rb2 30. g3 g4 31. Bc4 Rd8 32. Rc5 Rb1 0-1

[Event "Dresden zt 1.2"]
[Site "Dresden"]
[Date "1998.04.30"]
[Round "3"]
[White "Kortschnoj, Viktor Lvovich"]
[Black "Sutovsky, Emil"]
[Result "1-0"]
[WhiteElo "2625"]
[BlackElo "2595"]
[Annotator "Kortschnoj,V"]
[PlyCount "49"]
[EventDate "1998.04.28"]
[EventType "swiss"]
[EventRounds "11"]
[EventCountry "GER"]
[SourceTitle "CBM 065"]
[Source "ChessBase"]
[SourceDate "1998.08.06"]
[SourceVersion "1"]
[SourceVersionDate "1998.08.06"]
[SourceQuality "1"]

1. d4 {McShane} Nf6 2. c4 g6 3. Nc3 d5 4. cxd5 Nxd5 5. Na4 $5 {Aronian} Bg7 (
5... e5 6. dxe5 Bb4+ 7. Bd2 Ne3 8. fxe3 Bxd2+ 9. Qxd2 (9. Kf2 $6) 9... Qh4+ 10.
g3 Qxa4 11. Bg2 O-O 12. Qc3 $16) 6. e4 Nb6 7. Be3 (7. Nf3) 7... O-O (7... Nc6
8. Bb5 O-O 9. Ne2 $14) (7... e5 $5) 8. Nf3 Nxa4 (8... Bg4 9. Nc5 Bxf3 (9... Nc6
10. Nxb7 Qb8 (10... Qc8 11. Ba6) 11. Ba6 $13) 10. gxf3 Nc6 11. d5 (11. Nxb7 Qc8
$44) 11... Ne5 12. Rc1 $14) 9. Qxa4 c5 10. Rd1 Qb6 11. Rd2 $1 Bd7 $14 12. Qa3
cxd4 (12... Qb4 13. Qxb4 cxb4 14. h3 Nc6 15. Bd3 Rac8 16. Ke2 $16) 13. Nxd4 Qc7
(13... Rc8 14. Be2 Qc5 15. Qxc5 Rxc5 16. O-O $14) 14. Be2 (14. Qxe7 {McShane}
Qc1+ 15. Rd1 Qxb2 {can only help Black.}) 14... e5 $5 (14... Nc6 {McShane:
seems more patient but White maintains a small edge due to the queenside
pressure.} 15. Nb5 {Kortschnoj} Qc8 16. O-O a6 17. Nc3 $16) (14... a6 15. Qxe7
$1 (15. O-O Nc6 16. Rc1 Rac8 $14) 15... Re8 16. Qa3 Rxe4 17. O-O $14) 15. Rc2
$6 (15. Nb5 Bxb5 16. Bxb5 a6 (16... Nc6 $2 17. Rc2 {/\ B:c6+/-}) 17. O-O Nc6
18. Bc4 $5 {/\ Bc4-d5, f2-f4} (18. Bxc6 Qxc6 19. f3 Rfd8 $11) 18... Rfd8 19.
Bd5 Bf8 20. Qa4 Nb4 $11) 15... Qd8 (15... Nc6 16. Nxc6 Bxc6 17. Bb5 $16) 16.
Nb5 Nc6 17. Nd6 Qb8 (17... b6 18. Bc4) 18. Bc4 {McShane: Black's position is
unenterprising. White has played the opening daringly with his interesting
play earlier on and by sustaining his initiative by not castling, and his work
is paying off. All White's pieces are better placed than their Black
counterparts and it is hard to find a really convincing idea for Black. What
he tries does not work, but what else?} Nd4 19. Bxd4 exd4 20. O-O (20. f4 Be6
21. Bxe6 fxe6 22. O-O (22. e5 Rxf4 23. Qb3 Kh8 $1 24. Rc8+ (24. Qxe6 Qg8) 24...
Qxc8 25. Nxc8 Rxc8 $44) 22... Rd8 23. e5 Bf8 24. Qb3 Bxd6 25. Qxe6+ Kh8 26.
exd6 Qxd6 27. Qxd6 Rxd6 28. Re1 $14) 20... Be6 $2 (20... Be5 $1 21. Nxf7 Rxf7
22. f4 (22. Qe7 Be8 $17) 22... Bg7 $8 (22... Bc7 23. Qe7 $18) (22... Bd6 23.
Qb3 Be8 (23... Qe8 {McShane} 24. e5 {McShane: followed by e6 is probably why
Sutovskij rejected 20...Be5.}) 24. e5 Bc7 25. f5 g5 26. Bxf7+ Bxf7 27. e6 Be8
28. f6 $18) 23. Qb3 (23. Bxf7+ $6 {Hug} Kxf7 24. Qb3+ Ke7 (24... Kf8 25. Rcf2
$36) 25. f5 $36) (23. f5 $5 {Hug} gxf5 24. Bxf7+ Kxf7 25. Qb3+ $40) 23... Qe8 (
23... Be8 24. e5 $40 {/\ f4-f5}) 24. Qxb7 (24. e5 Bf5) (24. f5 gxf5 25. exf5
Bh6) 24... Rd8 25. Bxf7+ Qxf7 26. Rc7 $13 Bh6 $5 27. g3 Qe6 28. Qxa7 Qxe4 (
28... Bb5 $5) 29. Rxd7 Qe3+ $11) 21. Bxe6 fxe6 22. Rfc1 $1 Be5 $4 (22... Bh6
23. Re1 $1 (23. Rc8 Bxc1 24. Rxb8 Raxb8 25. g3 $1 {/\ e4-e5+/-} Kg7 26. Qb3 $16
) 23... Rd8 24. e5 Bf8 25. Qb3 Bxd6 (25... Kg7 26. Rec1) 26. exd6 $1 Rxd6 (
26... Qxd6 27. Rxe6 Qd5 28. Re8+ $18) 27. Rxe6 Rxe6 28. Qxe6+ Kh8 29. Qf6+ Kg8
30. Qxd4 $18) 23. Rc7 Bxd6 (23... Rd8 24. Qh3 $18) (23... Qd8 {McShane} 24. Qh3
{McShane: is not even worth mentioning.}) 24. Qxd6 Rf7 {McShane: The end
position does not look completely disastrous for Black after 24...Qe8, but
White will soon pick off the loose d4 pawn and the two pawn advantage will be
decisive.} 25. Qxe6 (25. Qxe6 Qe8 26. Rc8) 1-0

[Event "Dresden zt 1.2"]
[Site "Dresden"]
[Date "1998.05.05"]
[Round "7"]
[White "Kortschnoj, Viktor Lvovich"]
[Black "Gallagher, Joseph G"]
[Result "1-0"]
[WhiteElo "2625"]
[BlackElo "2490"]
[Annotator "Kortschnoj,V"]
[PlyCount "55"]
[EventDate "1998.04.28"]
[EventType "swiss"]
[EventRounds "11"]
[EventCountry "GER"]
[SourceTitle "CBM 065"]
[Source "ChessBase"]
[SourceDate "1998.08.06"]
[SourceVersion "1"]
[SourceVersionDate "1998.08.06"]
[SourceQuality "1"]

1. d4 Nf6 2. c4 g6 3. Nc3 Bg7 4. e4 d6 5. Nge2 a6 $6 {Kasparov} (5... O-O $1 {
normal}) 6. g3 $1 $14 O-O 7. Bg2 Nbd7 8. O-O e5 9. b3 (9. dxe5 $5 Nxe5 10. b3
$14) 9... exd4 10. Nxd4 Re8 11. Be3 Rb8 12. Rc1 c5 $6 (12... Ne5 $5 13. Rc2 $1
(13. h3 c5 14. Nde2 b5 $13) 13... c5 (13... b5 $5) 14. Nde2 b5 15. cxb5 axb5
16. Rd2 $14) 13. Nde2 b5 14. cxb5 axb5 15. Qxd6 b4 16. Na4 Nxe4 17. Qd3 (17.
Bxe4 $1 Rxe4 18. Nxc5 Rxe3 (18... Re7 19. Bg5 f6 20. Bf4 $16) (18... Re8 19.
Rfd1 Bf8 20. Qd4 Bxc5 21. Rxc5 $16) 19. fxe3 Qe8 20. Qf4 $16) 17... Qe7 18. Nf4
(18. Rfd1 $2 Nxf2 19. Kxf2 Ne5 $17) (18. Qxe4 Qxe4 19. Bxe4 Rxe4 20. Nxc5 Nxc5
21. Rxc5 Ba6 $44) 18... Bb7 19. Nd5 Qe5 $4 (19... Bxd5 $142 20. Qxd5 Nc3 21.
Nxc3 bxc3 $13) 20. Rfd1 Rbd8 $2 (20... Bxd5 21. Qxd5 Qxd5 22. Rxd5 Ndf6 23.
Bxe4 Nxe4 24. Bxc5 $16) 21. Qxe4 $18 Qxe4 22. Bxe4 Rxe4 23. Ndb6 Bd4 24. Nxd7
Rxe3 25. fxe3 Bxe3+ 26. Kf1 Ba6+ 27. Rc4 Bd4 28. Ndxc5 1-0

[Event "Dresden zt 1.2"]
[Site "Dresden"]
[Date "1998.05.07"]
[Round "9"]
[White "Kortschnoj, Viktor Lvovich"]
[Black "Alterman, Boris"]
[Result "1-0"]
[WhiteElo "2625"]
[BlackElo "2615"]
[Annotator "Meulders,R"]
[PlyCount "72"]
[EventDate "1998.04.28"]
[EventType "swiss"]
[EventRounds "11"]
[EventCountry "GER"]
[SourceTitle "CBM 065"]
[Source "ChessBase"]
[SourceDate "1998.08.06"]
[SourceVersion "1"]
[SourceVersionDate "1998.08.06"]
[SourceQuality "1"]

1. d4 Nf6 2. c4 c5 3. d5 b5 4. cxb5 a6 5. bxa6 g6 6. Nc3 Bxa6 7. e4 Bxf1 8.
Kxf1 d6 9. Nf3 Bg7 10. g3 O-O 11. Kg2 Nbd7 12. h3 Nb6 (12... Qa5 $5 13. Re1
Rfb8 $44) 13. Re1 Qd7 (13... Nfd7 14. Qc2 Nc4 15. a4 Qa5 16. Nb5 Qb4 17. Ra2
Nce5 18. Nxe5 Bxe5 19. Re2 Rfc8 20. f4 Bg7 21. e5 $16 {Kiss,P-Krutti,V/
Zalakaros op 1992/EXT 92op/1-0 (55)}) 14. Qc2 (14. a4 Ra6 (14... Rfb8 15. Qc2 (
15. Ra2 Ne8 16. e5 Nc7 17. Bf4 Na6 18. b3 Nb4 19. Rae2 Qb7 $132 {Wessman,
R-Ernst,T/Avesta/1993/0,5/31/}) 15... Ne8 16. b3 {1/2-1/2 Marin,M-Komljenovic,
D/Barcelona op9394 1993/EXT 93op} (16. b3 Nc7 17. Bb2 Na6 18. Qe2 c4 19. a5 Nc8
20. bxc4 $16 {1-0 Marin,M-Biriescu,I/ROM-chT 1993/EXT 97 (40)})) 15. Qb3 Rfa8
16. a5 Qd8 17. e5 dxe5 18. axb6 Rxa1 19. Nxe5 Rb8 20. d6 e6 21. Nxf7 Qxb6 22.
Nh6+ Kf8 23. Qxe6 Qb7+ $17 {0-1 Gurevich,D-Greenfeld,A/Beer Sheva 1982/MCD-r8 
(46)}) (14. e5 $6 dxe5 15. Nxe5 Qd6 16. Nc6 e6 17. Bf4 Qd7 18. Ne5 Qb7 $36) (
14. Re2 Na4 15. Qc2 Nxc3 16. bxc3 Qa4 17. Qd3 Nd7 18. Bf4 Nb6 $146 {Amidzic,
O-Kalegin,E/Moscow/1991/0|1/26/}) 14... e6 $6 {Es erscheint durchaus unlogisch
daß Schwarz, der den Druck am Damenflügel erhöhen sollte, nicht nur seinen Pd6
schwächt aber Weiß auch die halboffene d-Linie schenkt.} (14... Qb7 15. Bg5 (
15. Rb1 Nfd7 16. Bf4 (16. b3 $5) (16. Bg5 $5) 16... Nc4 17. Qe2 (17. Nd2 $5 Qb4
18. Nxc4 Qxc4 19. Bd2 Ne5 20. Re3 $132) 17... Qb4 18. Rec1 Rfb8 19. Nd1 Nde5
20. Bxe5 (20. Nxe5 Nxe5 21. b3 Qb5 $1 $36) 20... Nxe5 21. Nxe5 Bxe5 22. a3 (22.
b3 Ra3 23. Rc2 Rba8 $36) 22... Qb5 $1 (22... Qb3 23. Ne3 $14) 23. Qf3 (23. Qxb5
Rxb5 24. Kf1 Rab8 25. Rc2 Rb3 $15) 23... Bd4 24. b4 (24. Ne3 Bxe3 25. Qxe3 Qb3
26. Qe2 Qa2 $1 $36) 24... Qa4 25. Rb3 (25. bxc5 Rxb1 26. Rxb1 Bxc5 $15) 25...
cxb4 26. Rcb1 Bc5 27. Nc3 $6 (27. axb4 $5 Rxb4 28. Rxb4 Bxb4 29. Qb3 Bc5 30.
Qxa4 Rxa4 31. Kf3 Ra3+ 32. Ne3 $10) 27... Qxa3 $1 28. Rxa3 Rxa3 29. Qd3 (29.
Rc1 bxc3 30. Rxc3 Ra2 $36) 29... Rba8 30. Rc1 Rxc3 31. Rxc3 bxc3 32. Qxc3 Ra2
$17 {0-1 Goldin,A-Fominyh,A/RUS-ch 1995/CBM 50/[Chekhov] (48)}) 15... h6 16.
Bxf6 Bxf6 17. Qb3 (17. Rad1 Nd7 18. Re2 Qb4 19. a3 Qc4 $44 {Naumkin,I-Salov,V/
URS/1983/0,5/58/}) 17... Rfb8 18. e5 dxe5 19. Nxe5 e6 20. Rad1 exd5 {1/2-1/2
Gligoric,S-Benko,P/Lone Pine 1975/MCD-op}) 15. dxe6 $1 {Selbstverständlich.}
fxe6 16. Bg5 Nh5 17. Rad1 Rf7 18. Nh2 $1 {Entkraftet den Doppelangriff auf Nf3/
Pf2 entlang der f-Linie mittels Raf8 und sucht sich auf g4 ein zu nisten.} d5
$6 ({Statt dieses scharfen Aufmarsch kommt} 18... Qc6 {mit "Röntgenangriff"
auf Kg2 und Ausweichung vom Rd1 sehr in Betracht.}) 19. Ng4 d4 20. b3 $1 Qc6
21. Ne2 e5 22. Nc1 $1 c4 23. bxc4 Qxc4 24. Qb3 $1 Rb7 25. Re2 Qxb3 26. axb3 Nd7
27. Rc2 Nhf6 28. Bxf6 Nxf6 $6 (28... Bxf6 {erscheint das kleinere Übel. Jetzt
bekommt Weiß auch noch guten Springer gegen schlechten Laüfer.}) 29. Nxf6+ Bxf6
30. Rc5 $6 $138 ({Chancenreicher erscheint mir} 30. f4 $5 {z.B.} Ra1 {/\...
Rxb3.} 31. Rf1 Re7 32. f5 gxf5 33. Rxf5 Kg7 34. Nd3 $16) 30... Bg7 31. Kf1 Re8
32. Ke2 Bf8 33. Rd5 Bg7 34. Ra5 Rc8 35. Ra2 Bh6 36. Nd3 Rxb3 $138 {... (61)} (
36... Rxb3 37. Nxe5 Re8 38. Rd3 Rxd3 39. Nxd3 Rxe4+ 40. Kf3 $11) 1-0